[Event "ENG-ch Women 2019"]
[Site "Hull"]
[Date "2019.09.01"]
[Round "4.16"]
[White "Pettit, Felicity Ol"]
[Black "Mackenzie, Kira"]
[Result "1-0"]
[WhiteElo "1233"]
[BlackElo "1142"]
[Annotator "NA"]
[PlyCount "61"]
[EventDate "2019.08.30"]
[EventType "swiss"]
[EventCountry "ENG"]
[SourceTitle "playchess.com"]
[Source "ChessBase"]
[SourceQuality "1"]
[TimeControl "5400+30"]

1. d4 {[%emt 0:00:00]} d5 {[%emt 0:00:00]} 2. Nf3 {[%emt 0:00:00]} e6 {[%emt 0:00:36]} 3. e3 {[%emt 0:00:00]} Nf6 {[%emt 0:00:32]} 4. Bd3 {[%emt 0:00:08]} Bd6 {[%emt 0:00:29]} 5. Nbd2 {[%emt 0:00:19]} b6 {[%emt 0:00:23]} 6. e4 {[%emt 0:01:52]} dxe4 {[%emt 0:00:33]} 7. Nxe4 {[%emt 0:00:16]} Be7 {[%emt 0:02:00]} 8. Nxf6+ {[%emt 0:03:38]} Bxf6 {[%emt 0:00:16]} 9. Be4 {[%emt 0:01:14]} c6 {[%emt 0:00:08]} 10. Bf4 {[%emt 0:03:54]} Bb7 {[%emt 0:01:44]} 11. c3 {[%emt 0:01:43]} Nd7 {[%emt 0:04:11]} 12. O-O {[%emt 0:05:34]} O-O {[%emt 0:02:17]} 13. Rc1 {[%emt 0:05:28]} Re8 {[%emt 0:02:35]} 14. Re1 {[%emt 0:02:15]} e5 {[%emt 0:03:04]} 15. dxe5 {[%emt 0:01:31]} Be7 {[%emt 0:16:09]} 16. Nd4 {[%emt 0:05:01]} Bg5 {[%emt 0:04:54]} 17. Bxg5 {[%emt 0:02:52]} Qxg5 {[%emt 0:00:18]} 18. Bxc6 {[%emt 0:00:48]} Bxc6 {[%emt 0:00:35]} 19. Nxc6 {[%emt 0:00:07]} Nxe5 {[%emt 0:00:30]} 20. Qd5 {[%emt 0:09:45]} Re6 {[%emt 0:04:57]} 21. Ne7+ {[%emt 0:05:05]} Qxe7 {[%emt 0:01:28]} 22. Qxa8+ {[%emt 0:00:11]} Qe8 {[%emt 0:00:09]} 23. Qxe8+ {[%emt 0:00:31]} Rxe8 {[%emt 0:00:03]} 24. f4 {[%emt 0:00:45]} Nf3+ {[%emt 0:00:22]} 25. gxf3 {[%emt 0:00:10]} Rd8 {[%emt 0:01:10]} 26. Rcd1 {[%emt 0:00:53]} Rf8 {[%emt 0:00:17]} 27. Rd7 {[%emt 0:01:02]} g6 {[%emt 0:00:27]} 28. Red1 {[%emt 0:00:54]} Kg7 {[%emt 0:01:28]} 29. Rd8 {[%emt 0:00:08]} Rxd8 {[%emt 0:00:21]} 30. Rxd8 {[%emt 0:00:03]} a6 {[%emt 0:00:17]} 31. Ra8 {[%emt 0:00:20]} 1-0

[Event "ENG-ch Women 2019"]
[Site "Hull"]
[Date "2019.09.01"]
[Round "5.1"]
[White "Head, Louise"]
[Black "Posadas, Rayelynn"]
[Result "1-0"]
[WhiteElo "2092"]
[BlackElo "1885"]
[Annotator "NA"]
[PlyCount "61"]
[EventDate "2019.08.30"]
[EventType "swiss"]
[EventCountry "ENG"]
[SourceTitle "playchess.com"]
[Source "ChessBase"]
[SourceQuality "1"]
[TimeControl "5400+30"]

1. d4 {[%emt 0:00:00]} d5 {[%emt 0:00:00]} 2. c4 {[%emt 0:00:00]} e6 {[%emt 0:00:21]} 3. Nc3 {[%emt 0:00:00]} Nf6 {[%emt 0:00:03]} 4. Bg5 {[%emt 0:00:00]} Nbd7 {[%emt 0:00:23]} 5. e3 {[%emt 0:00:08]} c6 {[%emt 0:00:42]} 6. Nf3 {[%emt 0:00:41]} Be7 {[%emt 0:01:18]} 7. Qc2 {[%emt 0:01:37]} dxc4 {[%emt 0:04:04]} 8. Bxc4 {[%emt 0:00:13]} b5 {[%emt 0:00:01]} 9. Bd3 {[%emt 0:01:22]} Bb7 {[%emt 0:03:26]} 10. O-O {[%emt 0:07:46]} h6 {[%emt 0:01:08]} 11. Bh4 {[%emt 0:00:58]} O-O {[%emt 0:00:42]} 12. Rfd1 {[%emt 0:00:52]} Nd5 {[%emt 0:06:18]} 13. Nxd5 {[%emt 0:03:23]} exd5 {[%emt 0:04:28]} 14. Bg3 {[%emt 0:02:42]} Rc8 {[%emt 0:00:15]} 15. Rac1 {[%emt 0:02:39]} a6 {[%emt 0:06:35]} 16. Qe2 {[%emt 0:08:13]} f5 {[%emt 0:09:51]} 17. Ne5 {[%emt 0:02:29]} Nxe5 {[%emt 0:00:10]} 18. Bxe5 {[%emt 0:00:14]} Bd6 {[%emt 0:01:04]} 19. f4 {[%emt 0:01:10]} Bxe5 {[%emt 0:05:48]} 20. fxe5 {[%emt 0:00:19]} Qg5 {[%emt 0:03:54]} 21. g3 {[%emt 0:13:39]} h5 {[%emt 0:05:12]} 22. Qf3 {[%emt 0:06:11]} g6 {[%emt 0:06:32]} 23. Rf1 {[%emt 0:06:36]} Kg7 {[%emt 0:02:41]} 24. h3 {[%emt 0:04:15]} Qe7 {[%emt 0:06:39]} 25. Qg2 {[%emt 0:06:53]} Qe6 {[%emt 0:11:04]} 26. Rf4 {[%emt 0:01:34]} Kh6 {[%emt 0:05:39]} 27. g4 {[%emt 0:05:01]} Rc7 {[%emt 0:06:05]} 28. Kh1 {[%emt 0:08:37]} Rcf7 {[%emt 0:05:28]} 29. gxf5 {[%emt 0:02:48]} gxf5 {[%emt 0:00:22]} 30. Rg1 {[%emt 0:00:13]} Kh7 {[%emt 0:03:56]} 31. Bxf5+ {[%emt 0:00:20]} 1-0

[Event "ENG-ch Women 2019"]
[Site "Hull"]
[Date "2019.09.01"]
[Round "5.2"]
[White "Longson, Sarah N"]
[Black "Toma, Katarzyna"]
[Result "0-1"]
[WhiteElo "2095"]
[BlackElo "2229"]
[Annotator "TA"]
[PlyCount "302"]
[EventDate "2019.08.30"]
[EventType "swiss"]
[EventCountry "ENG"]
[SourceTitle "playchess.com"]
[Source "ChessBase"]
[SourceQuality "1"]

{[%evp 21,308,42,26,25,37,2,24,14,23,35,60,41,47,13,14,19,33,23,28,28,51,31,33,15,9,8,38,38,37,23,39,0,0,0,0,0,32,42,29,20,41,39,37,31,36,43,70,-4,31,-5,0,-32,-25,-26,3,-11,62,-18,38,0,0,-16,-10,-7,26,-13,-7,-22,60,-11,0,0,20,0,0,0,0,-7,-7,-8,-15,-30,0,0,0,0,0,0,0,0,0,0,0,0,0,0,0,0,0,0,29,0,0,0,0,0,0,0,0,0,0,0,0,0,47,47,47,47,47,47,47,47,47,0,47,47,81,45,47,14,15,18,45,45,45,45,47,47,47,47,47,0,47,47,47,0,102,102,116,95,180,183,187,175,170,177,154,131,85,23,47,71,351,351,351,351,341,282,281,250,267,267,275,265,264,252,385,362,376,376,319,315,319,265,376,376,376,372,5047,248,208,96,95,89,89,89,89,89,89,89,89,0,89,0,112,10,10,10,10,-8,-8,-8,-8,-8,6,2,3,0,109,108,308,61,99,58,99,99,87,11,27,3,77,0,3,3,3,3,3,0,0,-8,-8,-16,0,-49,0,0,0,-15,0,0,0,0,0,0,0,-8,0,-12,-8,-12,0,-8,-8,-12,-12,-25,-25,-1374,-558,-29972,-29973,-29970,-29971,-29965,-29952,-29982,-29983,-29983,-29984,-29984,-29985,-29988,-29967,-29987,-29988,-29989,-29986,-29985,-29986]} 1. e4 c5 2. Nf3 Nc6 3. d4 cxd4 4. Nxd4 d6 5. Nc3 Nf6 6. f3 e5 7. Nb3 Be6 8. Be3 Be7 9. Qd2 O-O 10. Nd5 Bxd5 11. exd5 Nb8 {[%cal Bc6b8,Bb8d7,Bd7b6][%mdl 32]} 12. O-O-O {B56: Classical Sicilian: Unusual Lines} (12. g4 Nbd7 13. g5 Nh5 14. O-O-O f5 15. gxf6 Rxf6 16. Kb1 Nf4 17. Rg1 Nf8 18. Qb4 b6 19. Nd2 N8g6 {½-½ (60) Svidler,P (2726)-Karpov,A (2644) Odessa 2009}) 12... Nbd7 13. g4 Nb6 14. Qa5 {White has an edge.} Nfd7 $146 ({Predecessor:} 14... Qc7 15. Kb1 Rfc8 16. c3 Bd8 17. g5 Qd7 18. gxf6 Nc4 19. Bxc4 Rxc4 20. Qa3 Ra4 21. Rhg1 Bxf6 {0-1 (21) Fuchs,G (2221)-Pitl,G (2405) Austria 2008}) 15. Kb1 Qc7 16. Bd3 Rfc8 17. Nd2 Nc5 18. Bxc5 Qxc5 19. Qxc5 Rxc5 20. c4 a5 21. b3 Rcc8 22. Rc1 Bg5 23. Rc2 Be3 (23... Bxd2 $5 24. Rxd2 a4 $11) 24. Ne4 Rd8 25. Re2 Bd4 26. Ng5 h6 27. Ne4 a4 28. b4 $1 a3 29. Kc2 $1 Na4 30. Rg2 Nb2 31. Be2 $1 Kf8 32. Kb3 Rac8 33. h4 Rc7 34. b5 (34. Rc1 $1 $14) 34... Ke7 35. Rc1 Ra8 $36 {[%mdl 2048] White is under pressure.} 36. Rc2 Na4 37. h5 Nb6 38. Bd3 Kd7 (38... f6 $11) 39. Rge2 (39. g5 $1 $14) 39... Rac8 (39... Rcc8 $11) 40. Nd2 Ra8 41. Ne4 Na4 42. Re1 Bb2 43. Rf1 f6 44. Rff2 Nb6 (44... Bd4 $11) 45. Rg2 (45. c5 $14 dxc5 46. d6 c4+ 47. Bxc4) 45... Rac8 46. Ng3 Kd8 47. Ne4 Ke7 48. Ng3 Nd7 49. Ne4 Ra8 50. Bf1 Bd4 51. Rge2 b6 52. Rc1 Rca7 53. Ree1 Ra4 54. Rb1 Bb2 55. Ng3 Nc5+ 56. Kc2 Kd7 57. Nf5 Rg8 58. Rbd1 Raa8 59. Be2 Na4 60. Rd3 Rac8 61. Re3 Nc5 62. Bd3 Ra8 63. Bf1 Ra4 64. Rb1 Bd4 65. Ree1 Bb2 66. Re3 Rb4 67. Rbe1 Na4 (67... Nb7 {seems wilder.} 68. Bd3 Na5 69. Rb1 Nb7 70. Kd2 Na5) 68. Rb3 Rxb3 69. Kxb3 Nc5+ 70. Kc2 $1 Nb7 71. Be2 Na5 72. Bf1 Nb7 73. Bh3 Ke8 74. Ne3 Ke7 75. Nd1 Bd4 76. Bf1 Rc8 {Threatening ...Na5.} 77. Ne3 Kf7 78. Nf5 Bb2 79. Re3 Rc7 80. Bd3 Kf8 81. Bf1 Rd7 82. Re1 Nd8 83. Re3 Nf7 (83... Nb7 $11) 84. Rb3 $16 Ng5 85. Bg2 Kf7 (85... Nf7 $16) 86. Rb4 $1 $18 g6 87. hxg6+ Kxg6 88. Ra4 Nf7 89. Ra8 Kg5 90. Rg8+ Kf4 91. Rg7 {Black must now prevent Nxh6!} Rc7 $2 {[%mdl 8192] [#]} (91... e4 $16) 92. Nxd6 $1 {[%mdl 512]} Nxd6 93. Rxc7 {[%mdl 4096] Endgame KRB-KBN} Bd4 94. Rh7 Nxc4 95. Kd3 Nd6 96. Rxh6 Kg5 97. Rh8 Bc5 98. Rg8+ Kf4 (98... Kh6 $142 99. Bf1 Kh7) 99. Rg6 f5 100. g5 e4+ 101. fxe4 fxe4+ 102. Kd2 e3+ (102... Nxb5 {might work better.} 103. Rg8 Nd6) 103. Kd3 Nxb5 104. Bf1 Nd6 $2 {[#]} (104... Kf5) 105. Rg7 $2 (105. Rxd6 $1 {[%mdl 512]} Kxg5 (105... Bxd6 106. g6) 106. Re6) 105... Nf5 {[#]} 106. Rf7 (106. Rg8 $1 $18 {and the rest is easy.}) 106... Kxg5 $16 107. Be2 Kg6 108. Rb7 (108. Rd7 {looks sharper.} Nd6 109. Re7 Kf6 110. Rh7 Ke5 111. Rh5+) 108... Kf6 109. Rb8 Nd6 110. Bf3 Nf7 111. Be2 ({Better is} 111. Ke2 $16) 111... Ke5 (111... Nd6 $1 $11 {remains equal.}) 112. Bf3 ({White should play} 112. Bd1 $16) 112... Kd6 (112... Kf6 $1 $11) 113. Bg2 (113. Re8 $16) 113... Ne5+ $11 114. Ke2 {Strongly threatening Re8.} Ng6 $1 115. Ke1 Nf4 {Threatens to win with ...Bb4+.} 116. Bf3 Nd3+ 117. Kd1 Ke5 118. Re8+ Kf4 119. Be2 Ne5 (119... Nb4 $11) 120. Re6 $16 Kf5 $2 (120... Ke4 $16 {was necessary.}) 121. Rh6 $2 (121. Bb5 $18) 121... Nf7 122. Rh7 (122. Rh4 {is more complex.} Nd6 123. Kc2 b5 124. Kd3 Ke5 125. Bd1) 122... Kf6 123. Rh4 Ke5 124. Rh5+ (124. Kc2 $16) 124... Kd4 $11 125. Bf3 {With the idea Kc2.} Nd6 {[#]} (125... Kc3 $11) 126. Be2 ({White should try} 126. Kc2 $1 $16) 126... Kc3 127. Kc1 Ne4 128. Rh4 Nd6 $1 129. Rf4 b5 {[%cal Bb6b5,Bb5b4][%mdl 32]} 130. Rf8 b4 131. Rb8 Kd4 132. Bf3 Nc4 {[%mdl 1024] Black has compensation.} 133. Kc2 Ne5 134. Bg2 Nd3 {Hoping for ...e2.} (134... e2 $5 135. Kd2 $8 Nd3 136. Kxe2 b3 137. axb3 (137. d6 $2 bxa2 138. d7 Nc1+ 139. Kf3 Be7 $19) 137... Nf4+ 138. Kf3 Nxg2 139. Kxg2 Kc3 $11) 135. Bf1 Nf4 136. Re8 Nxd5 137. Rd8 {Bg2 is the strong threat.} Ke5 138. Bc4 Nc3 139. Kd3 Kf4 140. Rd7 Na4 141. Rf7+ Ke5 {And now ...Nb2+ would win.} 142. Bb3 Nc3 143. Rh7 e2 144. Rh5+ $2 {[%mdl 8192]} (144. Kd2 $11) 144... Kf4 $19 145. Kd2 Bf2 {Black mates.} 146. Rh1 e1=Q+ 147. Rxe1 Bxe1+ 148. Kxe1 {KB-KN} Ke3 149. Bf7 Kd3 150. Bg6+ Kd4 151. Bf7 Nd5 {Played: Nc3xa2} 0-1

[Event "ENG-ch Women 2019"]
[Site "Hull"]
[Date "2019.09.01"]
[Round "5.3"]
[White "Denning, Julie L"]
[Black "Varney, Zoe"]
[Result "0-1"]
[WhiteElo "1629"]
[BlackElo "1975"]
[Annotator "NA"]
[PlyCount "82"]
[EventDate "2019.08.30"]
[EventType "swiss"]
[EventCountry "ENG"]
[SourceTitle "playchess.com"]
[Source "ChessBase"]
[SourceQuality "1"]
[TimeControl "5400+30"]

1. d4 {[%emt 0:00:00]} d5 {[%emt 0:00:00]} 2. c4 {[%emt 0:00:00]} c6 {[%emt 0:00:00]} 3. Nc3 {[%emt 0:00:01]} Nf6 {[%emt 0:00:00]} 4. Bg5 {[%emt 0:01:00]} e6 {[%emt 0:00:00]} 5. e3 {[%emt 0:00:35]} Nbd7 {[%emt 0:00:00]} 6. cxd5 {[%emt 0:00:51]} exd5 {[%emt 0:02:30]} 7. Bd3 {[%emt 0:00:35]} Be7 {[%emt 0:02:40]} 8. Nf3 {[%emt 0:01:14]} O-O {[%emt 0:00:24]} 9. O-O {[%emt 0:00:10]} h6 {[%emt 0:01:21]} 10. Bh4 {[%emt 0:03:34]} Ne4 {[%emt 0:02:16]} 11. Bxe7 {[%emt 0:03:16]} Qxe7 {[%emt 0:00:14]} 12. Rc1 {[%emt 0:01:50]} f5 {[%emt 0:11:57]} 13. Nd2 {[%emt 0:02:50]} Ndf6 {[%emt 0:02:34]} 14. h3 {[%emt 0:07:38]} Nxd2 {[%emt 0:08:47]} 15. Qxd2 {[%emt 0:01:33]} Ne4 {[%emt 0:00:33]} 16. Nxe4 {[%emt 0:02:40]} fxe4 {[%emt 0:01:17]} 17. Be2 {[%emt 0:03:04]} Qh4 {[%emt 0:11:54]} 18. Kh2 {[%emt 0:07:46]} Rxf2 {[%emt 0:02:05]} 19. Rxf2 {[%emt 0:00:12]} Qxf2 {[%emt 0:00:06]} 20. Rf1 {[%emt 0:00:11]} Qh4 {[%emt 0:00:34]} 21. Qb4 {[%emt 0:00:56]} Qd8 {[%emt 0:00:28]} 22. Bh5 {[%emt 0:01:01]} Qc7+ {[%emt 0:00:51]} 23. Kh1 {[%emt 0:03:14]} Be6 {[%emt 0:01:39]} 24. Qd2 {[%emt 0:02:10]} Rf8 {[%emt 0:06:15]} 25. Rxf8+ {[%emt 0:01:35]} Kxf8 {[%emt 0:00:04]} 26. Qb4+ {[%emt 0:01:42]} Qe7 {[%emt 0:02:07]} 27. Qxe7+ {[%emt 0:04:08]} Kxe7 {[%emt 0:00:04]} 28. b4 {[%emt 0:00:16]} b6 {[%emt 0:02:13]} 29. Kg1 {[%emt 0:02:58]} Kd6 {[%emt 0:00:41]} 30. Kf1 {[%emt 0:00:39]} c5 {[%emt 0:00:16]} 31. bxc5+ {[%emt 0:01:24]} bxc5 {[%emt 0:00:05]} 32. dxc5+ {[%emt 0:00:32]} Kxc5 {[%emt 0:00:05]} 33. Be8 {[%emt 0:01:11]} a5 {[%emt 0:02:12]} 34. a4 {[%emt 0:00:29]} Kd6 {[%emt 0:00:42]} 35. Bb5 {[%emt 0:01:41]} Bd7 {[%emt 0:00:10]} 36. Bxd7 {[%emt 0:00:54]} Kxd7 {[%emt 0:00:04]} 37. Ke2 {[%emt 0:00:10]} Kc6 {[%emt 0:00:45]} 38. Kd2 {[%emt 0:00:09]} Kc5 {[%emt 0:00:23]} 39. Kc3 {[%emt 0:00:12]} h5 {[%emt 0:00:49]} 40. g3 {[%emt 0:00:43]} g5 {[%emt 0:00:22]} 41. Kc2 {[%emt 0:06:16]} Kc4 {[%emt 0:00:06]} 0-1

[Event "ENG-ch Women 2019"]
[Site "Hull"]
[Date "2019.09.01"]
[Round "5.4"]
[White "Ball, Katie C"]
[Black "Bridgeman, Niamh"]
[Result "0-1"]
[WhiteElo "1472"]
[BlackElo "1511"]
[Annotator "NA"]
[PlyCount "62"]
[EventDate "2019.08.30"]
[EventType "swiss"]
[EventCountry "ENG"]
[SourceTitle "playchess.com"]
[Source "ChessBase"]
[SourceQuality "1"]
[TimeControl "5400+30"]

1. d4 {[%emt 0:00:00]} e6 {[%emt 0:00:00]} 2. Nf3 {[%emt 0:00:00]} f5 {[%emt 0:00:00]} 3. e3 {[%emt 0:00:00]} Nf6 {[%emt 0:00:00]} 4. Nbd2 {[%emt 0:00:05]} Be7 {[%emt 0:00:47]} 5. Bd3 {[%emt 0:00:15]} d5 {[%emt 0:02:00]} 6. b3 {[%emt 0:02:34]} O-O {[%emt 0:01:39]} 7. Bb2 {[%emt 0:00:42]} Bd6 {[%emt 0:08:34]} 8. O-O {[%emt 0:05:29]} Nbd7 {[%emt 0:02:35]} 9. Ne5 {[%emt 0:08:31]} c6 {[%emt 0:05:08]} 10. Ndf3 {[%emt 0:07:22]} Qc7 {[%emt 0:01:42]} 11. h3 {[%emt 0:05:00]} Ne4 {[%emt 0:05:41]} 12. c4 {[%emt 0:14:01]} Qd8 {[%emt 0:24:17]} 13. Qc1 {[%emt 0:29:11]} Rf6 {[%emt 0:15:57]} 14. Ba3 {[%emt 0:03:31]} Bxe5 {[%emt 0:08:38]} 15. dxe5 {[%emt 0:01:44]} Rg6 {[%emt 0:01:03]} 16. Bd6 {[%emt 0:05:04]} Nxd6 {[%emt 0:02:40]} 17. exd6 {[%emt 0:00:02]} Nc5 {[%emt 0:00:28]} 18. Bc2 {[%emt 0:03:12]} Qxd6 {[%emt 0:00:36]} 19. cxd5 {[%emt 0:01:33]} exd5 {[%emt 0:04:49]} 20. Nh4 {[%emt 0:05:18]} Rf6 {[%emt 0:00:14]} 21. Rd1 {[%emt 0:02:15]} Ne4 {[%emt 0:01:49]} 22. Bd3 {[%emt 0:02:03]} Qe7 {[%emt 0:02:10]} 23. f3 {[%emt 0:01:23]} Nc5 {[%emt 0:03:22]} 24. g4 {[%emt 0:01:38]} fxg4 {[%emt 0:01:23]} 25. fxg4 {[%emt 0:00:04]} Nxd3 {[%emt 0:00:10]} 26. Rxd3 {[%emt 0:00:02]} Rh6 {[%emt 0:00:21]} 27. Ng2 {[%emt 0:01:28]} Rxh3 {[%emt 0:00:29]} 28. Nf4 {[%emt 0:00:04]} Rg3+ {[%emt 0:00:18]} 29. Kf2 {[%emt 0:00:45]} Qh4 {[%emt 0:00:43]} 30. Ke2 {[%emt 0:01:00]} Qh2+ {[%emt 0:00:19]} 31. Ke1 {[%emt 0:00:31]} Rg1# {[%emt 0:00:06]} 0-1

[Event "ENG-ch Women 2019"]
[Site "Hull"]
[Date "2019.09.01"]
[Round "5.5"]
[White "Bhatia, Kanwal K"]
[Black "Arora, Tashika"]
[Result "1/2-1/2"]
[WhiteElo "2044"]
[BlackElo "1447"]
[Annotator "NA"]
[PlyCount "60"]
[EventDate "2019.08.30"]
[EventType "swiss"]
[EventCountry "ENG"]
[SourceTitle "playchess.com"]
[Source "ChessBase"]
[SourceQuality "1"]
[TimeControl "5400+30"]

1. e4 {[%emt 0:00:00]} c5 {[%emt 0:00:00]} 2. c3 {[%emt 0:00:00]} Nf6 {[%emt 0:00:00]} 3. e5 {[%emt 0:00:00]} Nd5 {[%emt 0:00:00]} 4. d4 {[%emt 0:00:00]} cxd4 {[%emt 0:00:00]} 5. Nf3 {[%emt 0:00:00]} Nc6 {[%emt 0:00:00]} 6. cxd4 {[%emt 0:00:00]} d6 {[%emt 0:00:11]} 7. Bc4 {[%emt 0:00:10]} Nb6 {[%emt 0:00:26]} 8. Bb3 {[%emt 0:00:07]} dxe5 {[%emt 0:01:08]} 9. d5 {[%emt 0:00:18]} Na5 {[%emt 0:01:00]} 10. Nc3 {[%emt 0:00:09]} Nxb3 {[%emt 0:00:54]} 11. Qxb3 {[%emt 0:00:06]} e6 {[%emt 0:00:44]} 12. Nxe5 {[%emt 0:00:37]} Bd6 {[%emt 0:01:16]} 13. Qb5+ {[%emt 0:02:05]} Kf8 {[%emt 0:05:23]} 14. dxe6 {[%emt 0:02:18]} Bxe6 {[%emt 0:01:02]} 15. O-O {[%emt 0:06:04]} Qc7 {[%emt 0:01:08]} 16. f4 {[%emt 0:01:43]} Qc5+ {[%emt 0:05:04]} 17. Qxc5 {[%emt 0:01:55]} Bxc5+ {[%emt 0:00:02]} 18. Kh1 {[%emt 0:00:07]} f6 {[%emt 0:01:32]} 19. f5 {[%emt 0:06:24]} Bg8 {[%emt 0:06:56]} 20. Ne4 {[%emt 0:03:39]} Be7 {[%emt 0:03:41]} 21. Nf3 {[%emt 0:01:01]} Bc4 {[%emt 0:00:41]} 22. Re1 {[%emt 0:03:40]} Kf7 {[%emt 0:04:51]} 23. Bf4 {[%emt 0:20:51]} Nd5 {[%emt 0:06:37]} 24. Bd6 {[%emt 0:04:07]} Rhd8 {[%emt 0:01:06]} 25. Rac1 {[%emt 0:18:08]} Bxd6 {[%emt 0:13:02]} 26. Rxc4 {[%emt 0:03:34]} Be7 {[%emt 0:01:07]} 27. Rec1 {[%emt 0:15:58]} Nb6 {[%emt 0:05:17]} 28. Rc7 {[%emt 0:01:11]} Rac8 {[%emt 0:02:18]} 29. g4 {[%emt 0:00:28]} Rxc7 {[%emt 0:01:11]} 30. Rxc7 {[%emt 0:00:07]} Rd7 {[%emt 0:00:31]} 1/2-1/2

[Event "ENG-ch Women 2019"]
[Site "Hull"]
[Date "2019.09.01"]
[Round "5.7"]
[White "Zhu, Yaoyao"]
[Black "Jaufarally, Nadia"]
[Result "1/2-1/2"]
[WhiteElo "1842"]
[BlackElo "1934"]
[Annotator "NA"]
[PlyCount "48"]
[EventDate "2019.08.30"]
[EventType "swiss"]
[EventCountry "ENG"]
[SourceTitle "playchess.com"]
[Source "ChessBase"]
[SourceQuality "1"]
[TimeControl "5400+30"]

1. e4 {[%emt 0:00:00]} c5 {[%emt 0:00:00]} 2. d4 {[%emt 0:00:06]} cxd4 {[%emt 0:02:27]} 3. c3 {[%emt 0:00:02]} g6 {[%emt 0:00:55]} 4. cxd4 {[%emt 0:01:47]} d5 {[%emt 0:00:16]} 5. exd5 {[%emt 0:02:26]} Nf6 {[%emt 0:01:31]} 6. Nc3 {[%emt 0:00:52]} Bg7 {[%emt 0:03:05]} 7. Bb5+ {[%emt 0:04:27]} Nbd7 {[%emt 0:00:29]} 8. Nf3 {[%emt 0:03:30]} O-O {[%emt 0:03:39]} 9. O-O {[%emt 0:03:54]} Nb6 {[%emt 0:01:40]} 10. Bf4 {[%emt 0:11:02]} Nbxd5 {[%emt 0:03:56]} 11. Be5 {[%emt 0:03:54]} Bd7 {[%emt 0:06:43]} 12. Bc4 {[%emt 0:11:55]} Bc6 {[%emt 0:05:59]} 13. Nxd5 {[%emt 0:10:20]} Bxd5 {[%emt 0:01:31]} 14. Rc1 {[%emt 0:04:26]} Rc8 {[%emt 0:11:53]} 15. Bxd5 {[%emt 0:11:35]} Qxd5 {[%emt 0:04:02]} 16. Qa4 {[%emt 0:01:27]} a6 {[%emt 0:01:47]} 17. Qb4 {[%emt 0:06:03]} e6 {[%emt 0:12:26]} 18. a3 {[%emt 0:06:07]} Rc6 {[%emt 0:06:05]} 19. Rc5 {[%emt 0:01:43]} Rxc5 {[%emt 0:05:15]} 20. Qxc5 {[%emt 0:00:05]} Rd8 {[%emt 0:11:05]} 21. Rc1 {[%emt 0:01:54]} Qxc5 {[%emt 0:03:43]} 22. dxc5 {[%emt 0:02:14]} Ne4 {[%emt 0:02:45]} 23. Bxg7 {[%emt 0:00:06]} Kxg7 {[%emt 0:00:04]} 24. Kf1 {[%emt 0:00:59]} Nd2+ {[%emt 0:05:40]} 1/2-1/2

[Event "ENG-ch Women 2019"]
[Site "Hull"]
[Date "2019.09.01"]
[Round "5.8"]
[White "Sheikh, Anum"]
[Black "Sengenberger, Sara"]
[Result "1/2-1/2"]
[WhiteElo "1693"]
[BlackElo "1570"]
[Annotator "NA"]
[PlyCount "94"]
[EventDate "2019.08.30"]
[EventType "swiss"]
[EventCountry "ENG"]
[SourceTitle "playchess.com"]
[Source "ChessBase"]
[SourceQuality "1"]
[TimeControl "5400+30"]

1. e4 {[%emt 0:00:00]} c5 {[%emt 0:00:00]} 2. Nf3 {[%emt 0:00:00]} g6 {[%emt 0:00:00]} 3. d4 {[%emt 0:00:00]} cxd4 {[%emt 0:00:08]} 4. Nxd4 {[%emt 0:00:00]} Nc6 {[%emt 0:00:15]} 5. Nc3 {[%emt 0:00:00]} Bg7 {[%emt 0:00:22]} 6. Nb3 {[%emt 0:00:01]} Nf6 {[%emt 0:00:57]} 7. Be2 {[%emt 0:00:15]} O-O {[%emt 0:02:30]} 8. O-O {[%emt 0:00:05]} e6 {[%emt 0:00:50]} 9. Bf3 {[%emt 0:01:39]} Ne5 {[%emt 0:04:20]} 10. Bg5 {[%emt 0:04:39]} h6 {[%emt 0:01:56]} 11. Be3 {[%emt 0:02:39]} Nc4 {[%emt 0:11:06]} 12. Bc1 {[%emt 0:04:45]} Rb8 {[%emt 0:04:36]} 13. a4 {[%emt 0:01:04]} b6 {[%emt 0:04:35]} 14. Re1 {[%emt 0:06:39]} a6 {[%emt 0:02:34]} 15. Be2 {[%emt 0:12:34]} d5 {[%emt 0:03:52]} 16. exd5 {[%emt 0:03:46]} exd5 {[%emt 0:01:42]} 17. Nxd5 {[%emt 0:00:33]} Nxb2 {[%emt 0:04:52]} 18. Bxb2 {[%emt 0:03:16]} Qxd5 {[%emt 0:04:57]} 19. Bf3 {[%emt 0:00:47]} Qxd1 {[%emt 0:01:09]} 20. Raxd1 {[%emt 0:00:08]} Bb7 {[%emt 0:00:58]} 21. Bxb7 {[%emt 0:07:24]} Rxb7 {[%emt 0:00:15]} 22. Rd6 {[%emt 0:00:41]} Re8 {[%emt 0:05:07]} 23. Red1 {[%emt 0:01:04]} Rd7 {[%emt 0:02:18]} 24. f3 {[%emt 0:13:08]} Re1+ {[%emt 0:03:43]} 25. Rxe1 {[%emt 0:00:21]} Rxd6 {[%emt 0:00:15]} 26. c4 {[%emt 0:01:07]} Rc6 {[%emt 0:07:25]} 27. Rc1 {[%emt 0:01:41]} Nd7 {[%emt 0:01:46]} 28. Bxg7 {[%emt 0:02:15]} Kxg7 {[%emt 0:01:19]} 29. a5 {[%emt 0:07:43]} b5 {[%emt 0:04:26]} 30. cxb5 {[%emt 0:00:36]} Rxc1+ {[%emt 0:00:16]} 31. Nxc1 {[%emt 0:00:05]} axb5 {[%emt 0:00:59]} 32. Nd3 {[%emt 0:00:40]} Kf6 {[%emt 0:00:22]} 33. Kf2 {[%emt 0:00:05]} Ke6 {[%emt 0:00:33]} 34. Ke3 {[%emt 0:00:36]} Kd5 {[%emt 0:01:11]} 35. f4 {[%emt 0:05:14]} f6 {[%emt 0:00:28]} 36. Nb2 {[%emt 0:06:59]} Kc5 {[%emt 0:00:40]} 37. f5 {[%emt 0:05:42]} g5 {[%emt 0:00:41]} 38. Ke4 {[%emt 0:00:23]} Nb8 {[%emt 0:03:06]} 39. Nd3+ {[%emt 0:01:50]} Kc4 {[%emt 0:00:47]} 40. Nb2+ {[%emt 0:01:42]} Kb4 {[%emt 0:00:43]} 41. Kd5 {[%emt 0:00:13]} Kxa5 {[%emt 0:00:43]} 42. Ke6 {[%emt 0:00:06]} Nc6 {[%emt 0:02:53]} 43. Kxf6 {[%emt 0:00:05]} Kb4 {[%emt 0:01:17]} 44. g4 {[%emt 0:01:01]} Kc3 {[%emt 0:01:46]} 45. Nd1+ {[%emt 0:00:13]} Kd2 {[%emt 0:02:11]} 46. Nf2 {[%emt 0:02:23]} Ke3 {[%emt 0:00:52]} 47. Nd1+ {[%emt 0:01:13]} Ke4 {[%emt 0:09:39] Ke5+} 1/2-1/2